|
|
|
|
| LEADER |
00000cam a2200000 i 4500 |
| 001 |
1/13985 |
| 008 |
980428s gr | ||| |||| ||gre|| |
| 020 |
|
|
|a 9607643402
|
| 035 |
|
|
|1 ΠΑΡ
|a 1997
|l 10019247
|
| 040 |
|
|
|a GR-MY-UA
|b gre
|e aacr
|
| 041 |
0 |
|
|a gre
|
| 082 |
0 |
|
|a 398.8709495
|
| 100 |
1 |
|
|a Μπαζιάνας, Νίκος,
|d 1930-2018.
|
| 245 |
1 |
0 |
|a Για τη λαική μουσική μας παράδοση :
|b μικρά μελετήματα /
|c Νίκος Μπαζιάνας
|
| 260 |
|
|
|a Αθήνα :
|b Τυπωθήτω,
|
| 300 |
|
|
|a 384 σ.;
|b εικ.;
|c 14 x 20.5 εκ.
|
| 504 |
|
|
|a Περιέχει βιβλιογραφία
|
| 650 |
0 |
0 |
|a Folk songs, Greek.
|
| 650 |
0 |
0 |
|a Folk music
|z Greece.
|
| 852 |
|
|
|a INST
|b LESVOS
|e 19980428
|h 398.8709495 ΜΠΑ
|p 005100014961
|q 005100014961
|t BK
|y 0
|
| 901 |
|
|
|a BIBL-1998-2
|
| 909 |
|
|
|a Λ
|b 051735
|
| 970 |
|
|
|a ΚΑΜΑΤΣΟΥ
|b ΔΕΣΠΟΙΝΑ
|z 2000/01/03
|